000 00543nam a2200181Ia 4500
005 20250923144833.0
008 008 250917s9999 xx 000 0 eng d
037 _aTextual
040 _aDSWL
_beng
_cDSWL
041 _aeng
_2eng
084 _aX9J.322.3, N5
_qDSWL
100 _aHallett, Graham
_9828921
245 4 _aThe Economics of Agricultural land Tenure
_cby Graham Hallett
260 _aLondon
_bLondonBooks Ltd.
_c1960
300 _a206p.
942 _cTEXL
_hX9J.322.3, N5
999 _c1443963
_d1443963